|
|
|
|
| LEADER |
02127cam a2200553 a 4500 |
| 001 |
nkc20122345552 |
| 003 |
CZ PrNK |
| 005 |
20140721102435.0 |
| 007 |
ta |
| 008 |
120412s2011 xr a e 000 0dcze d |
| 015 |
|
|
|a cnb002345552
|
| 020 |
|
|
|a 978-80-904467-5-5
|q (váz.) :
|c Kč 240,00
|
| 035 |
|
|
|a (OCoLC)886600261
|
| 040 |
|
|
|a KLG001
|b cze
|d BOA001
|d OLA001
|
| 041 |
1 |
|
|a cze
|a eng
|h cze
|h eng
|
| 043 |
|
|
|a e-xr---
|
| 045 |
|
|
|a x9y1
|
| 072 |
|
7 |
|a 74
|x Kresba. Umělecká řemesla
|2 Konspekt
|9 21
|
| 080 |
|
|
|a 741/744(437.3)
|2 MRF
|
| 080 |
|
|
|a 74/76.05
|2 MRF
|
| 080 |
|
|
|a 82-312.5:741/744
|2 MRF
|
| 080 |
|
|
|a (437.3)
|2 MRF
|
| 080 |
|
|
|a (084.11)
|2 MRF
|
| 100 |
1 |
|
|a Kučerovský, Tomáš,
|d 1974-
|7 mzk2005309095
|4 aut
|4 ill
|
| 245 |
1 |
0 |
|a ZOOOM¹ :
|b [komiksová monografie] /
|c Tomáš Kučerovský ; [rozhovor José Alaniz ; překlady textů Hana Vašková]
|
| 246 |
1 |
|
|i Název v tiráži:
|a ZOOOM 1
|
| 250 |
|
|
|a 1. vyd.
|
| 260 |
|
|
|a Brno :
|b Analphabet Books,
|c 2011
|
| 300 |
|
|
|a [96] s. :
|b il. (převážně barev.) ;
|c 22 x 30 cm
|
| 500 |
|
|
|a Životopisná data
|
| 546 |
|
|
|a Souběžný anglický text
|
| 600 |
1 |
7 |
|a Kučerovský, Tomáš,
|d 1974-
|7 mzk2005309095
|2 czenas
|
| 648 |
|
4 |
|a 1995-2011
|
| 648 |
|
7 |
|a 20.-21. století
|7 ch462155
|2 czenas
|
| 650 |
0 |
7 |
|a česká kresba
|7 ph116857
|y 20.-21. století
|2 czenas
|
| 650 |
0 |
7 |
|a ilustrace
|7 ph114755
|z Česko
|y 20.-21. století
|2 czenas
|
| 650 |
0 |
7 |
|a komiks
|7 ph114952
|z Česko
|y 20.-21. století
|2 czenas
|
| 650 |
0 |
9 |
|a Czech drawing
|y 20th-21st centuries
|2 eczenas
|
| 650 |
0 |
9 |
|a illustration
|z Czechia
|y 20th-21st centuries
|2 eczenas
|
| 650 |
0 |
9 |
|a comics
|z Czechia
|y 20th-21st centuries
|2 eczenas
|
| 655 |
|
7 |
|a obrazové publikace
|7 fd132947
|2 czenas
|
| 655 |
|
9 |
|a pictorial works
|2 eczenas
|
| 700 |
1 |
|
|a Alaniz, José,
|d 1968-
|7 xx0133069
|4 aut
|
| 910 |
2 |
|
|a BOA001
|b 4-1281.792
|
| 990 |
|
|
|a BK
|
| 995 |
|
|
|a 01
|
| 991 |
|
|
|b 201205
|c NOV
|e n
|
| 996 |
6 |
|
|b 2610509797
|c 4-1281.792
|l MZK
|r Sklad / do 1 hodiny
|n 1
|p p.v.
|w 001243987
|u 000010
|a 1
|e BOA001
|j MZK50
|s P
|
| 996 |
7 |
|
|b 2610509798
|c 4-1281.792
|l MZK
|r Sklad / do 1 hodiny
|n 12
|p p.v.
|w 001243987
|u 000020
|a 1
|e BOA001
|j MZK50
|s A
|